[Event "Cagliari Alfa Lum op-A 2nd"]
[Site "Cagliari"]
[Date "2010.09.03"]
[Round "1"]
[White "Rocco, Luciano"]
[Black "Neri, Enzo"]
[Result "0-1"]
[WhiteElo "1713"]
[BlackElo "2070"]
[PlyCount "52"]
[EventDate "2010.09.03"]
[EventType "swiss"]
[EventRounds "6"]
[EventCountry "ITA"]
[SourceTitle "EXT 2024"]
[Source "ChessBase"]
[SourceDate "2023.10.10"]
[SourceVersion "1"]
[SourceVersionDate "2023.10.10"]
[SourceQuality "1"]

1. d4 d5 2. c4 c6 3. Nc3 Nf6 4. Bg5 Nbd7 5. e3 e6 6. Nf3 Qa5 7. Nd2 Bb4 8. Qc2 Ne4 9. Ndxe4 dxe4 10. Be2 Qxg5 11. Qxe4 Nf6 12. Qf3 Bxc3+ 13. bxc3 Qa5 14. 0-0 e5 15. h3 0-0 16. Rfc1 e4 17. Qf4 Be6 18. c5 b6 19. Qd6 bxc5 20. dxc5 Rfd8 21. Qxc6 Rac8 22. Qb5 Rxc5 23. Qb4 Rd2 24. Qxa5 Rxa5 25. Bd1 Raxa2 26. Rab1 g6 0-1